000 00758nas a2200265 4500
001 BR8503213
003 BR-BrBNA
005 20231205090237.0
007 ta
008 230509b bl.|||p| |||| 00| 00por d
040 _aBR-BrBNA
_bpor
_cBiblioteca Nacional de Agricultura
041 _a(Pt)
072 _aL10
100 1 _aMatias, I.
100 1 _aPatarra, P.
245 1 _aA invasao dos pintos avos e sua formula secreta [genetica]
650 _aAVICULTURA DE CORTE
650 _aPINTO
650 _aMELHORAMENTO GENETICO ANIMAL
650 _aSELECAO GENETICA
650 _aRACA
773 0 _tGlobo Rural (Brazil)
_xISSN 0102-6178
_g(Nov 1985), v. 1(2) p. 34-40
_wBR8503213
909 _a202311
_bLúcia
_c55
_dLúcia Elande
942 _2AGRIS
_n0
_cANA
999 _c117080
_d117080